[Event "4NCL Division 2c"]
[Site "Telford, ENG"]
[Date "2017.04.30"]
[Round "10.43"]
[White "Swindells, Jonathan E"]
[Black "Hill, Alistair"]
[Result "1/2-1/2"]
[WhiteElo "2312"]
[BlackElo "2209"]
[PlyCount "102"]
[EventDate "2017.04.30"]
[WhiteTeam "The ADs"]
[BlackTeam "Cambridge University 1"]

1. e4 c5 2. Nc3 Nc6 3. f4 e6 4. Nf3 d5 5. Bb5 Nge7 6. Qe2 d4 7. Nd1 a6 8. Bxc6+
Nxc6 9. O-O Be7 10. Nf2 f6 11. c3 O-O 12. b3 Bd7 13. Bb2 dxc3 14. dxc3 Qc7 15.
Rad1 Rfd8 16. Bc1 b5 17. Be3 c4 18. b4 a5 19. a3 axb4 20. axb4 Ra3 21. Qe1 Be8
22. Ra1 Rda8 23. Rxa3 Rxa3 24. Qc1 Ra6 25. Qb2 Qb7 26. Ra1 Qa8 27. Rxa6 Qxa6
28. Nd4 Nxd4 29. Bxd4 Bc6 30. h3 Qa8 31. Qb1 h6 32. Qe1 Bb7 33. Qe3 Qc8 34. Qg3
Kh7 35. Kh2 Qd7 36. Qe3 Bd6 37. e5 Be7 38. exf6 gxf6 39. Ng4 Qd5 40. Qg3 Qf5
41. Ne3 Qg6 42. Qxg6+ Kxg6 43. Kg1 Bd6 44. g3 e5 45. fxe5 fxe5 46. Bb6 e4 47.
Kf2 Be5 48. Bd4 Bxd4 49. cxd4 Bc8 50. h4 c3 51. Ke1 Be6 1/2-1/2

[Event "4NCL Division 2c"]
[Site "Telford, ENG"]
[Date "2017.04.30"]
[Round "10.44"]
[White "Bukojemski, Adam"]
[Black "Snape, Ian L"]
[Result "0-1"]
[WhiteElo "2209"]
[BlackElo "2282"]
[PlyCount "72"]
[EventDate "2017.04.30"]
[WhiteTeam "Cambridge University 1"]
[BlackTeam "The ADs"]

1. e4 Nf6 2. d3 g6 3. Nc3 d6 4. Be2 Bg7 5. Bg5 c5 6. f4 h6 7. Bh4 Nc6 8. Nf3
Nd4 9. Qd2 Nxe2 10. Nxe2 Bg4 11. O-O Bxf3 12. Rxf3 Qd7 13. Qa5 O-O 14. Raf1 b5
15. a3 Rac8 16. Qd2 b4 17. f5 bxa3 18. bxa3 Kh7 19. Rh3 c4 20. Bxf6 exf6 21.
Nf4 cxd3 22. Nd5 g5 23. cxd3 Qa4 24. Qb2 Rc2 25. Qa1 Qa5 26. Nxf6+ Kh8 27. Qd1
Rfc8 28. Rxh6+ Bxh6 29. Qh5 Qc5+ 30. Kh1 Kg7 31. Ng4 Rh8 32. f6+ Kf8 33. Nxh6
Rh7 34. d4 Rc1 35. Rd1 Qc2 36. Rg1 Qb1 0-1

[Event "4NCL Division 2c"]
[Site "Telford, ENG"]
[Date "2017.04.30"]
[Round "10.45"]
[White "Anderton, David W"]
[Black "Kalavannan, Koby"]
[Result "1/2-1/2"]
[WhiteElo "2125"]
[BlackElo "2168"]
[PlyCount "105"]
[EventDate "2017.04.30"]
[WhiteTeam "The ADs"]
[BlackTeam "Cambridge University 1"]

1. d4 Nf6 2. c4 g6 3. g3 Bg7 4. Bg2 d6 5. Nc3 O-O 6. Nf3 Nc6 7. O-O e5 8. d5
Nb8 9. e4 a5 10. Ne1 Na6 11. Nd3 Nd7 12. Be3 f5 13. Qd2 b6 14. f4 Nac5 15. Nxc5
bxc5 16. Rae1 exf4 17. Bxf4 Ne5 18. b3 Bd7 19. a4 Ng4 20. h3 Bd4+ 21. Kh1 g5
22. Bxg5 Bxc3 23. Qxc3 Qxg5 24. hxg4 fxe4 25. Rxf8+ Rxf8 26. Rxe4 Bxg4 27. Kg1
Bf3 28. Re3 Bxg2 29. Kxg2 Qf5 30. Qe1 Qc2+ 31. Qe2 Qxe2+ 32. Rxe2 Kf7 33. Re3
Re8 34. Rf3+ Kg7 35. Kh3 Re4 36. Kg2 Re2+ 37. Kh3 Re8 38. Kg2 Kg6 39. Kf2 Re7
40. Kg2 Kg7 41. Kh3 Re2 42. Kg4 Re5 43. Kh3 Rh5+ 44. Kg2 Rh6 45. Re3 Kf7 46.
Rf3+ Rf6 47. Re3 Kf8 48. Kh3 Rg6 49. Kg2 Rg7 50. Kh3 Re7 51. Rf3+ Kg7 52. Kg2
Re8 53. Kh3 1/2-1/2

[Event "4NCL Division 2c"]
[Site "Telford, ENG"]
[Date "2017.04.30"]
[Round "10.46"]
[White "Churm, Rohan M"]
[Black "Bailey, Kevin J"]
[Result "0-1"]
[WhiteElo "2141"]
[BlackElo "2095"]
[PlyCount "58"]
[EventDate "2017.04.30"]
[WhiteTeam "Cambridge University 1"]
[BlackTeam "The ADs"]

1. e4 c5 2. Nc3 e6 3. g3 d5 4. exd5 exd5 5. Bg2 Nf6 6. d3 d4 7. Ne4 Nxe4 8.
Bxe4 Nd7 9. Ne2 Nf6 10. Bf3 Bd6 11. O-O O-O 12. c3 dxc3 13. bxc3 h6 14. d4 cxd4
15. cxd4 Bh3 16. Re1 Qd7 17. Qb3 Rab8 18. Bb2 Rfe8 19. Nc3 Rxe1+ 20. Rxe1 Re8
21. Qd1 b5 22. Re3 b4 23. Ne2 Rxe3 24. fxe3 Qe6 25. Qb3 Qf5 26. Bg2 Ng4 27. Qd5
Qf2+ 28. Kh1 Qe1+ 29. Ng1 Nf2# 0-1

[Event "4NCL Division 2c"]
[Site "Telford, ENG"]
[Date "2017.04.30"]
[Round "10.47"]
[White "Ahluwalia, Amardip"]
[Black "Lee, Richard W Y"]
[Result "0-1"]
[WhiteElo "2065"]
[BlackElo "2147"]
[PlyCount "104"]
[EventDate "2017.04.30"]
[WhiteTeam "The ADs"]
[BlackTeam "Cambridge University 1"]

1. e4 c5 2. Nc3 a6 3. f4 b5 4. g3 Bb7 5. Bg2 e6 6. d3 d6 7. Nf3 Nf6 8. Qe2 Nc6
9. O-O Be7 10. Nd1 O-O 11. Nf2 Re8 12. g4 Nd4 13. Nxd4 cxd4 14. g5 Nd7 15. Bd2
e5 16. h4 exf4 17. Bxf4 Ne5 18. Bxe5 dxe5 19. Ng4 Bd6 20. Qf3 Qe7 21. Qg3 Kh8
22. Rf2 Bc8 23. Raf1 Bxg4 24. Qxg4 Rf8 25. Bh3 Kg8 26. h5 g6 27. hxg6 fxg6 28.
Kg2 Rxf2+ 29. Rxf2 Rf8 30. Rxf8+ Kxf8 31. Kg3 Bc7 32. Qf3+ Kg7 33. Qg4 Bd8 34.
Qd7 Qxd7 35. Bxd7 Bxg5 36. Kg4 Bc1 37. b4 Bd2 38. Bc8 a5 39. bxa5 Bxa5 40. Bd7
b4 41. Be8 h5+ 42. Kg3 Bd8 43. Kh3 Kh6 44. Kg3 Bg5 45. Bd7 Bd2 46. Kh3 g5 47.
Kg3 g4 48. Bf5 Kg5 49. Bd7 h4+ 50. Kg2 h3+ 51. Kh1 Be3 52. Bc8 Kh4 0-1

[Event "4NCL Division 2c"]
[Site "Telford, ENG"]
[Date "2017.04.30"]
[Round "10.48"]
[White "Beckett, Chris J"]
[Black "Bellin, Jana M"]
[Result "1/2-1/2"]
[WhiteElo "2152"]
[BlackElo "2020"]
[PlyCount "85"]
[EventDate "2017.04.30"]
[WhiteTeam "Cambridge University 1"]
[BlackTeam "The ADs"]

1. d4 Nf6 2. c4 c5 3. d5 e5 4. Nc3 d6 5. e4 Be7 6. Bd3 a6 7. Nge2 Nbd7 8. Ng3
g6 9. Bh6 Bf8 10. Bd2 h5 11. h4 Ng8 12. Bg5 Be7 13. Bxe7 Qxe7 14. Qe2 Ngf6 15.
O-O-O Nb6 16. Nf1 Bd7 17. Bc2 O-O-O 18. Nd2 Kb8 19. f3 Qe8 20. b3 Bc8 21. Kb2
Qe7 22. a3 Nbd7 23. Ra1 Ne8 24. b4 b6 25. Nb3 Ka7 26. Qe3 Bb7 27. Bd3 Ra8 28.
g3 Nef6 29. Qd2 Rac8 30. Be2 Qd8 31. b5 a5 32. Nd1 Kb8 33. Ne3 Kc7 34. Bd3 Ra8
35. Ka2 Bc8 36. Nc1 Qe7 37. Ne2 Nf8 38. Nc3 N8d7 39. Qg2 Nf8 40. Qe2 N8d7 41.
Qg2 Nf8 42. Ncd1 Ne8 43. Nc3 1/2-1/2